000 00710nam a2200241Ia 4500
003 OSt
005 20240403144022.0
008 210707s1973 xx 000 0 und d
040 _cAL
041 _aKannada
082 _aK894.9 SITK
100 _aSITARAMAYYA (V), Ed
_dವಿ.ಸೀತಾರಾಮಯ್ಯ
_9158097
245 _aKumaravyasa.
_bಕುಮಾರವ್ಯಾಸ
260 _aBengaluru
_bAi Bi Ech Prakashana
_c1973
300 _avii,214 p
365 _b12
_cINR
440 _v5
563 _aHB
650 _aKannada Criticism
_9158098
700 _aAnantarangacharya
_dಅನಂತನಾರಾಯಣಾಚಾರ್ಯ
_9158099
906 _aKavi Kavya Parampare
942 _2ddc
_cBK
999 _c179961
_d179961